书目信息 |
| 题名: |
近代晶体学基础(上)
|
|
| 作者: | 张克从 著 | |
| 分册: | 上册 | |
| 出版信息: | 北京 科学出版社 1987 |
|
| 页数: | 303 | |
| 开本: | 20cm | |
| 丛书名: | 凝聚态物理学丛书 | |
| 单 册: | ||
| 中图分类: | O74 | |
| 科图分类: | ||
| 主题词: | 晶体化学 | |
| 电子资源: | ||
| ISBN: | 7-03-006432-1 | |
| 000 | 00593nam0 2200205 450 | |
| 001 | 0754114953 | |
| 005 | 20070929150154.95 | |
| 010 | @a7-03-006432-1 | |
| 100 | @a20070929d km y0chiy0120 ea | |
| 101 | 0 | @achi |
| 200 | 1 | @a近代晶体学基础(上)@Ajin dai jing ti xue ji chu(shang)@h上册@f张克从 著@Fzhang ke cong zhu |
| 210 | @a北京@c科学出版社@d1987 | |
| 215 | @a303@c插图@d20cm | |
| 225 | 2 | @a凝聚态物理学丛书 |
| 410 | 0 | @12001 @a凝聚态物理学丛书 |
| 606 | 0 | @a晶体化学 |
| 690 | @aO74@v3 | |
| 701 | 0 | @a张克从@Azhang ke cong@4著 |
| 801 | 0 | @aCN@bPFT@c20070929 |
| 905 | @a213230@dO74@eh2:1@f1 | |
| 近代晶体学基础(上).上册/张克从 著.-北京:科学出版社,1987 |
| 303:插图;20cm.-(凝聚态物理学丛书) |
| ISBN 7-03-006432-1: |
| ● |
| 相关链接 |
|
|
|
|
正题名:近代晶体学基础(上)
索取号:O74/h2:1
 
预约/预借
| 序号 | 登录号 | 条形码 | 馆藏地/架位号 | 状态 | 备注 |
| 1 | 6000566 | 260005666 | 密集书库-化学系/ [索取号:O74/h2:1] | 在馆 |